000
00259nam a2200097 a 4500
005
20201002045932.0
008
150205s1983 000 spa d
245
0
_a
Informe Anual 1983.
260
_a
Santo Domingo, República Dominicana,
_c
1983.
999
_c
44657
_d
44657
040
_a
DO-SdBNP